02712nam a2200385Ia 450000500170000000800410001702000150005804000180007304100080009108200240009910000270012324500830015025000120023326000660024530000260031165000390033765000410037665000360041770000250045394200330047899900190051195201330053095201330066395201330079695201330092995201330106295201330119595201330132895201330146195201330159495201330172795201140186095201820197495201700215620220822113105.0210716s2001 xx 000 0 und d a8173662428 cAIMIT LIBRARY aeng a574.80285 21bGIBC aGibas, Cynthia.955111 aDeveloping bioinformatics computer skills /cBy Cynthia Gibas and Per Jambeck. a1st ed. aMumbai :bShroff publishers and distributors pvt ltd ,c2001. axv, 427p. ;c23.5 cm. aBiology in the computer age955112 aFiles and directories in unix955113 aWorking on a unix system955114 aJambeck, Per.955115 2ddccBKe1stk574.80285 GIBC c185074d185074 00102ddc40708MCAaAIMITbAIMITd2021-07-16g300.00l0o574.80285 GIBCpMCA04582r2025-07-21 00:00:00v300.00w2021-07-16yBK 00102ddc40708MCAaAIMITbAIMITd2021-07-16g300.00l0o574.80285 GIBCpMCA04583r2025-07-21 00:00:00v300.00w2021-07-16yBK 00102ddc40708MCAaAIMITbAIMITd2021-07-16g300.00l0o574.80285 GIBCpMCA04584r2025-07-21 00:00:00v300.00w2021-07-16yBK 00102ddc40708MCAaAIMITbAIMITd2021-07-16g300.00l0o574.80285 GIBCpMCA04585r2025-07-21 00:00:00v300.00w2021-07-16yBK 00102ddc40708MCAaAIMITbAIMITd2021-07-16g300.00l0o574.80285 GIBCpMCA04586r2025-07-21 00:00:00v300.00w2021-07-16yBK 00102ddc40708MCAaAIMITbAIMITd2021-07-16g300.00l0o574.80285 GIBCpMCA04587r2025-07-21 00:00:00v300.00w2021-07-16yBK 00102ddc40708MCAaAIMITbAIMITd2021-07-16g300.00l0o574.80285 GIBCpMCA04588r2025-07-21 00:00:00v300.00w2021-07-16yBK 00102ddc40708MCAaAIMITbAIMITd2021-07-16g300.00l0o574.80285 GIBCpMCA04589r2025-07-21 00:00:00v300.00w2021-07-16yBK 00102ddc40708MCAaAIMITbAIMITd2021-07-16g300.00l0o574.80285 GIBCpMCA04590r2025-07-21 00:00:00v300.00w2021-07-16yBK 00102ddc40708MCAaAIMITbAIMITd2021-07-16g300.00l0o574.80285 GIBCpMCA04591r2025-07-21 00:00:00v300.00w2021-07-16yBK 00102ddc40738MCAaAIMITbAIMITeDonatedl0o574.80285 GIBCpMCA05230r2025-07-21 00:00:00w2021-07-16yBK 00102ddc40708MCAaAIMITbAIMITd2024-07-09eAthulya Booksg300.00iBill no:ABK 505; Bill dt:2008-08l0o574.80285 GIBCpMCA08635r2025-07-21 00:00:00v234.00w2021-07-16yBK 00102ddc40708MCAaAIMITbAIMITeAthulya Booksg225.00iBill no:ABK 173; Bill dt:2009-07l0o574.80285 GIBCpMCA09231r2025-07-21 00:00:00v180.00w2021-07-16yBK